The best-ever book of flight / (Record no. 112437)
[ view plain ]
| 000 -LEADER | |
|---|---|
| fixed length control field | 00539nam a2200193 a 4500 |
| 001 - CONTROL NUMBER | |
| control field | 0227 |
| 005 - DATE AND TIME OF LATEST TRANSACTION | |
| control field | 20140414131936.0 |
| 008 - FIXED-LENGTH DATA ELEMENTS--GENERAL INFORMATION | |
| fixed length control field | 040819s19uu xx 00 eng d |
| 020 ## - INTERNATIONAL STANDARD BOOK NUMBER | |
| International Standard Book Number | 0-7534-0632-2 |
| 050 ## - LIBRARY OF CONGRESS CALL NUMBER | |
| Classification number | REF 629.132 |
| Item number | G76 2001 |
| 100 ## - MAIN ENTRY--PERSONAL NAME | |
| Personal name | Graham, Ian |
| 245 ## - TITLE STATEMENT | |
| Title | The best-ever book of flight / |
| Statement of responsibility, etc | Ian Graham. |
| 260 ## - PUBLICATION, DISTRIBUTION, ETC. (IMPRINT) | |
| Place of publication, distribution, etc | London : |
| Name of publisher, distributor, etc | Kingfisher Publications, |
| Date of publication, distribution, etc | 2001. |
| 300 ## - PHYSICAL DESCRIPTION | |
| Extent | 64 p. : ill. ; cm. |
| 500 ## - GENERAL NOTE | |
| General note | Includes glossary and index. |
| 650 ## - SUBJECT ADDED ENTRY--TOPICAL TERM | |
| Topical term or geographic name as entry element | Principles of aerial flight. |
| Withdrawn status | Lost status | Damaged status | Use restrictions | Home library | Current library | Shelving location | Date acquired | Source of acquisition | Total Checkouts | Full call number | Barcode | Date last seen | Price effective from | Koha item type |
|---|---|---|---|---|---|---|---|---|---|---|---|---|---|---|
| Munich Library | Munich Library | Reference Section | 08/19/2004 | REF 629.132 G76 2001 | M3733 | 04/14/2014 | 04/14/2014 | Books | ||||||
| Munich Library | Munich Library | Reference Section | 08/19/2004 | REF 629.132 G76 2001 | M3734 | 04/14/2014 | 04/14/2014 | Books |